000 00873nas a2200277 4500
001 BR7900421
003 BR-BrBNA
005 20231205083616.0
007 ta
008 230509b bl.|||p| |||| 00| 00por d
040 _aBR-BrBNA
_bpor
_cBiblioteca Nacional de Agricultura
041 _a(Pt)
072 _aL30; L50
100 1 _aHall, G.A.B.
100 1 _aLee Junior, D.D.
245 1 _aEfeito da fonte de fosforo e tempo de incubacao na solubilidade do fosforo em acido citrico a 2e em fluido de rumem
650 _aNUTRICAO ANIMAL
650 _aFISIOLOGIA ANIMAL
650 _aFOSFORO
650 _aACIDO CITRICO
650 _aDIGESTIBILIDADE
650 _aRUMEN
773 0 _tRevista da Sociedade Brasileira de Zootecnia (Brazil)
_xISSN 0100-4859
_g(1978), v. 7(1) p. 14-25
_wBR7900421
909 _a202311
_bLúcia
_c55
_dLúcia Elande
942 _2AGRIS
_n0
_cANA
999 _c100021
_d100021